Statystyki dla Ostatnie flagi wybranych europejskich państw

Kliknij tutaj aby rozwiązać quiz!

Ogólne statystyki

  • Ten quiz został rozwiązany 29 razy
  • Średni wynik to 10 z 12

Statystyki odpowiedzi

Odpowiedź% Poprawnych
Hiszpania
96%
Rumunia
96%
Bułgaria
93%
Norwegia
93%
Watykan
89%
Portugalia
85%
Białoruś
81%
Serbia
81%
Ukraina
74%
Łotwa
67%
Litwa
63%
Macedonia Północna
56%

Rozkład punktacji

Percentyl według liczby udzielonych odpowiedzi

Procent ludzi z każdym wynikiem

Twoja historia wyników

Nie rozwiązałeś tego quizu